[Event "YUG-ch"]
[Site "Novi Sad"]
[Date "1995.??.??"]
[Round "?"]
[White "Kosic, Dragan"]
[Black "Popovic, Petar"]
[Result "1-0"]
[WhiteElo "2500"]
[BlackElo "2545"]
[Annotator "Belov,I"]
[PlyCount "73"]
[EventDate "1995.02.??"]
[EventType "tourn"]
[EventRounds "17"]
[EventCountry "YUG"]
[EventCategory "10"]
[SourceTitle "CBM 048"]
[Source "ChessBase"]
[SourceDate "1995.10.01"]
[SourceVersion "1"]
[SourceVersionDate "1995.10.01"]
[SourceQuality "1"]

1. d4 Nf6 2. Nf3 g6 3. Bg5 Bg7 4. Nbd2 O-O 5. c3 d5 6. e3 Nbd7 7. Be2 Re8 8.
O-O e5 9. Nb3 (9. dxe5 Nxe5 10. Nxe5 Rxe5 11. Nf3 Re8 12. h3 c6 13. a4 Qb6 14.
Bxf6 Bxf6 $10 {Malaniuk,V-Kamsky,G/Moscow(25'/1994/0,5/39/}) (9. Bh4 c6 10. Rc1
Qb6 11. Qb3 exd4 12. cxd4 Ne4 13. Bd3 Ndf6 14. Qc2 Nxd2 15. Nxd2 a5 $10 {
Malaniuk,V-Lin,W/Lusern-WchT/1993/1:0/79/}) (9. c4 exd4 10. Nxd4 Nc5 11. Qc2 c6
12. Rad1 Ne6 13. Nxe6 Bxe6 14. Nb3 Qb6 $10 {Andersson,U-Hellers,F/Haninge/1993/
1:0/40/}) 9... c6 (9... a5 10. a4 c6 11. c4 exd4 12. Nbxd4 Nb6 13. Nd2 h6 14.
Bh4 g5 15. Bg3 Qe7 16. Qc2 $14 {Stangl,M-Har Zvi,R/Altensteig/1994/0,5/59/})
10. Rc1 a5 11. dxe5 (11. a4 $5) 11... Nxe5 12. Nxe5 Rxe5 13. Bf4 Re8 14. c4 a4
15. Nd4 dxc4 16. Rxc4 Nd5 (16... a3 17. b3 Be6 $10) 17. Bg3 Qb6 18. Qc2 Nb4 (
18... a3) (18... Be6 19. Nxe6 Rxe6 20. a3 $14) 19. Qc3 Nxa2 $5 20. Qa3 Bxd4 $8
21. Rxd4 Be6 22. Ra1 (22. Bc4 $2 c5 23. Rh4 Bxc4 24. Rxc4 Nb4 $17) 22... Qb3 (
22... c5 23. Rd6 Qb3 24. Rxe6 Rxe6 25. Qxa2 $16) 23. Rd3 $1 Qc4 (23... Qxa3 24.
Rxa3 (24. bxa3 Rad8 25. Rxd8 Rxd8 26. Be5 Rd2 27. Bf3 $17) 24... Nb4 25. Rxa4
Rxa4 26. Rxa4 Nd5 27. Ra7 $14) 24. Bf1 b5 25. Rd6 $1 Qc2 $1 (25... b4 $6 26.
Rxe6 (26. Bxc4 bxa3 27. Rxe6 $1 (27. Bxe6 axb2 28. Rb1 Rxe6 $17) 27... fxe6 (
27... axb2 28. Rxe8+ Rxe8 29. Rb1 $18) 28. Rxa2 $16) 26... Qxe6 27. Qxa2 Qxa2
28. Rxa2 Red8 $13) 26. Rxe6 Rxe6 27. Rxa2 Rd8 $13 28. b4 (28. Qc3 Rd2 $17) (28.
Ra1 Rd2 $17) 28... Qd1 (28... axb3 29. Rxc2 bxc2 30. Qc3 $18) 29. Ra1 Qd2 30.
Rc1 Re4 31. Rxc6 Rxb4 32. Qa1 Qd1 $2 (32... Qb2 $1 33. Qe1 a3 $132) 33. Rc1 Qd5
34. Qf6 $16 Re8 35. Bd6 Rb3 $2 (35... Rbe4 36. Bc5 R4e6 37. Qc3 $16) 36. Rc5
Qd1 37. Be5 $18 1-0

[Event "Bundesliga 1415"]
[Site "Germany"]
[Date "2014.11.08"]
[Round "3.6"]
[White "Maiwald, Jens Uwe"]
[Black "Berg, Emanuel"]
[Result "1/2-1/2"]
[WhiteElo "2471"]
[BlackElo "2555"]
[Annotator "Berg,E"]
[PlyCount "89"]
[EventDate "2014.10.18"]
[EventType "team-tourn"]
[EventRounds "15"]
[EventCountry "GER"]
[SourceTitle "CBM 164"]
[Source "ChessBase"]
[SourceDate "2015.01.15"]
[SourceVersion "1"]
[SourceVersionDate "2015.01.15"]
[SourceQuality "1"]
[WhiteTeam "Dresden TU"]
[BlackTeam "Dortmund Hansa"]
[WhiteTeamCountry "GER"]
[BlackTeamCountry "GER"]

1. d4 Nf6 2. Nf3 g6 3. Bg5 Bg7 4. Nbd2 {A slow and seemingly harmless move.
Theoretically Black is doing fine here but Black does not achieve the kind of
game he is looking for when going for the King's Indian (or the Grünfeld).} d5
{This stops White getting active with e4. However there was no need for it yet
as pointed out by my opponent after the game.} (4... O-O {is slightly more
popular when} 5. e4 {is strongly met by} d5 $1 $11 {intending 6.e5 Ne4 or 6.
exd5 ...Nxd5 while in the event of} 6. Bd3 {Black can either capture on e4 or
go for the energetic} c5 $5 {when there might follow} 7. e5 (7. dxc5 $6 Nbd7
$15 {favours Black due to his extra central pawn.}) 7... Ne8 8. c3 cxd4 $146 9.
cxd4 Nc6 10. O-O f6 $1 11. exf6 exf6 12. Be3 Nd6 $1 $11 {[%csl Gd6] when Black
has the more comfortable side of a rougly equal position. In particular it's
clear that White's knight on d2 is slightly misplaced.}) 5. c3 {This move is
not really necessary yet. However it's quite a common move in practice as now
White doesn't have to reckon with ...c5.} ({The main line goes} 5. e3 {which
is more challenging for Black since now White might also consider the
immediate c4 at some point rather than c3.} {The only concern for White then
would be} c5 $5 {when after} 6. dxc5 $1 {the position becomes far more complex.
Black has scored well in practice and seems to have enough compensation for
the pawn following} O-O $1 {This clearly looks like the best way forward for
Black. Indeed he must now be ready to play a pawn down but the compensation is
fully sufficient. The only game played in this position followed} (6... Qa5 {
as played in 0-1 (74) Golubovic,B (2462)-Mikhalchishin,A (2535) Leipzig 2002
CBM 089 [Finkel,A] wins back the pawn on c5. Black did well in the game but it
seems that White played it a bit too passively.} {Now rather than c3 I think}
7. c4 $1 $146 {is a more testing move for Black. There might follow} O-O (7...
Qxc5 8. Rc1 Nc6 9. cxd5 Qxd5 10. Bc4 $14 {gives White a development advantage
and slightly better prospects.}) 8. Bxf6 $1 Bxf6 9. cxd5 Qxc5 (9... Bxb2 10.
Rb1 Bc3 11. Bc4 $14) 10. Qb3 $14 {White remains a pawn up and is somewhat
better.}) 7. c3 {0-1 (44) Visser,S (1904)-Zilverberg,J (2028) Maastricht 2011;
which however transposes back to well known theory.} {Now the straightforward}
Nbd7 $1 $146 {looks best. There might follow} 8. b4 (8. Nb3 Qc7 $11 {wins back
the pawn with an equal game.}) 8... Ne4 $1 $146 9. Nxe4 dxe4 10. Nd4 Ne5 $44 {
with a very interesting position where Black's activity compensates for the
pawn deficit. Important ideas for Black are ...a5 as well as ...Nd3+ in
certain positions when after Bxd3 exd3 the pawn is tactically protected due to
the idea of ...h6, ...g5 followed by ...e5 winning the knight on d4.}) 5... O-O
6. e3 Nbd7 (6... c5 $5 {is certainly an interesting alternative.} {There might
follow} 7. Be2 (7. dxc5 {was analysed under 5.e3 c5 6.dxc5 0-0! 7.c3}) 7... b6
8. O-O Nc6 {with roughly equal chances in 0-1 (63) Sasikiran,K (2707)
-Dominguez Perez,L (2725) Istanbul 2012.}) 7. Be2 ({The alternative} 7. h3 $5 {
was mentioned by Maiwald after the game. This way White is able to drop back
his bishop to h2 when necessary, e.g.} Re8 8. Bf4 Nh5 9. Bh2) 7... Re8 8. b4 {
This is a common idea intending Nb3. However it appears that Black has many
concrete tactical possibilities as shown in the game.} ({For that reason I
assume the main continuation} 8. O-O {to be a better choice.}) ({Another
option is} 8. Bf4 {which however might lead to a repetition of moves after} Nh5
9. Bg5 Nhf6 $11) 8... e5 9. Nb3 $6 (9. O-O {is better as it keeps the
e4-square protected.}) 9... h6 10. Bh4 $6 {This move doesn't work out well for
tactical reasons.} (10. Bxf6 {should be played. But still this favours Black
who has th bishop pair. There might follow} Qxf6 11. O-O e4 12. Nfd2 Qg5 13. c4
Nf6 14. Kh1 c6 $15 {with a promising position for Black in 0-1 (39) Seul,G 
(2355)-Nunn,J (2575) Germany 1989.}) 10... Qe7 $6 {This move spoils the chance
given.} ({Much stronger was} 10... g5 $1 11. Bg3 Ne4 12. Rc1 h5 $1 {This
tricky move I didn't see while calculating this line at the board. Now White
has the unpleasant choice of either accepting a terrible pawn structure or
giving up a piece for a couple of pawns.} 13. Bxe5 $1 {This sacrifice actually
looks best although is clearly is in Black's favour after} (13. h3 $2 {saves
the piece but following} Nxg3 14. fxg3 g4 15. hxg4 hxg4 $17 {Black has an
undisputed advantage thanks to the better pawn structure as well as more
active pieces. Having the advantage of the pair of bishops when the position
opens up is another strong force.}) 13... f6 14. Bg3 h4 15. Nxh4 gxh4 16. Bxh4
$15 {when White has three pawns which is quite decent material compensation.
However Black is active and in the middle game the piece is clearly worth more
than the pawns.}) {At this point my opponent started to be cognisant of the
dangers and decided to give up the pair of bishops although with one tempo
less compared to the previous move.} 11. Bxf6 Bxf6 {Making use of the
opportunity winning a tempo.} (11... Qxf6 $15 {transposes to 10.Bxf6 Qxf6.})
12. a3 {Played in order to be able to recapture with the c-pawn on d4 after ...
exd4.} c6 {This is absolutely fine but when checking with the engine it gives
the amazing line} (12... exd4 $1 13. cxd4 a5 $1 {when Black manages to break
through on the queenside despite all of White's efforts.} 14. Nxa5 ({Not even} 
14. b5 {keeps the queenside closed as Black can just go ahead with} c5 $1 15.
bxc6 bxc6 16. O-O c5 $15 {with an advantage for Black.}) (14. bxa5 c5 $17)
14... c5 $1 $15 {Black opens the queenside by brutal force with a promising
position.}) 13. O-O h5 $5 {An active waiting move preparing for a further push
with the kingside pawns later on.} 14. Re1 Bg7 15. Bf1 f5 $5 {An active but
but flexible move not yet deciding on wheyher to push ...e4. However this move
also has some drawbacks as it for instance closes the diagonal for the bishop
on c8.} ({Instead the immediate} 15... e4 $1 {was stronger following} 16. Nfd2
Qg5 17. c4 Nf6 $15 {with an initiative and better prospects for Black.}) 16. c4
(16. g3 $5 Bf6 $1) 16... e4 17. Nfd2 Nf6 18. Rc1 Be6 19. Qc2 Rec8 20. Nc5 Bf7
21. Ndb3 {White is trying to create counterchances on the queenside but it's
actually not much going on there yet.} g5 {A logical continuation intending ...
f4 shortly. Black also gets a square for his light-squared bishop on g6.} 22.
cxd5 cxd5 23. Qd2 {Here my opponent offered me a draw, which turned out to be
a good move. Not because I really intended to accept but it still took a bit
of my concentration checking the match situation.} Bh6 24. g3 {A double-edged
move. White is eager to stop the f4 advance but this move seriously weakened
the kingside and especially f3.} ({Though it's hard to suggest a good
alternative perhaps} 24. Na4 {was better intending to exchange a pair of rooks
which would at least limit Black's attacking chances slightly.}) 24... Rf8 $6 {
It seemed logical to also start playing with the rooks on the kingside.
However this move allows some unpleasant counterplay for White. The key thing
is that now the c6-square is no longer covered.} (24... b6 $1 {would have been
excellent with the idea to stop and active actions from White's knight on b3.
A possible line is} 25. Na6 (25. Na4 f4 $17) 25... Qd7 $17 {[%cal Gf5f4]} (
25... f4 26. Rc3 (26. Rxc8+ Rxc8 27. Rc1 Qd7 $17 {lets White exchange the
rooks but doesn't solve the real problem.})) 26. Rxc8+ Rxc8 27. Rc1 f4) 25. Rc2
$6 ({The immediate} 25. Na5 $1 {should be played when the knight on b3 becomes
active. Unfortunately 25...b6 doesn't work due to 26.Nc6! so Black has to
settle for} Rab8 {when things are far from clear following} 26. Ncxb7 $1 Rxb7
27. Nxb7 Qxb7 28. Qc3 $132 {intending Qc7 when the rook and pawn for two minor
pieces is of about equal worth.}) 25... Bg6 $6 (25... Rac8 $1 $15 {was better
when Black takes back the control over c6.}) 26. Na5 $1 {On the second
opportunity my opponent found the right idea. It's not quite the same now but
still gives White good counterplay while making life harder for Black.} f4 $5 {
An ambitious move going all in for the attack.} (26... Rab8 {was perhaps
objectively stronger but did not quite strike my mind during the game.
Following} 27. Rec1 {White is getting ready to sacrifice on b7 giving a good
deal of counterplay along the c-file. However Black is still on top following}
f4 28. Ncxb7 Rxb7 29. Nxb7 Qxb7 30. Rc7 Qb8 $15 {although from a practical
point of view it's definitely mutual chances.}) 27. Ncxb7 Ng4 $6 {Not the best
follow-up. After this White is better.} ({Instead} 27... h4 $1 $44 {was strong,
putting presure while the knight on f6 remains flexibke for the moment.}) 28.
Bh3 $2 {Not the most critical continuation.} ({Instead} 28. h3 fxe3 29. fxe3
Nf2 30. Rc6 $1 {intending Nc5 would favour White.}) 28... fxe3 29. fxe3 Nf2 30.
Bg2 Rf6 $2 (30... Nd3 $1 {was the way to go. This offers Black excellent
winning chances although with best play White should remain with a playable
position. A few possible lines are} 31. Rc6 ({The semingly natural reply} 31.
Rf1 $2 {would actually even lose the game following} g4 $1 $19 {[%cal Gf8f3]
when Black's attack becomes too strong, e.g.} 32. Rc6 Rxf1+ 33. Bxf1 Kh7 $19 {
with ...Rf8-f3 in mind.}) (31. Re2 Rf6 $44 {gives Black full compensation with
active play along the open f-file.}) 31... Kh7 32. Re2 {The game remains
pretty sharp but there is no immediate tactics for Black.} {A possible
follow-up is} Be8 $1 $15 {intending ...Bb5 next with a nice initiative for
Black as well as a favourable position.}) 31. Rf1 Raf8 32. Rc6 $1 {A strong
move liquidating material which stops Black's invasion on the f-file.} Rxc6 33.
Nxc6 Qxb7 34. Ne5 {White is temporary a piece down but will soon win it back.
More important is that White has an extra pawn on the queenside.} Ng4 $1 35.
Nxg6 (35. Rxf8+ {was perhaps a better practical try but it should still end in
a draw after} Kxf8 36. Nxg6+ Kf7 37. Ne5+ ({or} 37. h3 Kxg6 38. hxg4 h4 $1 $11
{when the game is drawn in view of the opposite coloured bishops. Black's
activity compensates for the pawn deficit.}) 37... Nxe5 38. dxe5 g4 $1 $14 {
White is still a pawn up and remains a tiny bit better. However Black should
draw comfortably due to the opposite coloured bishops which limits White's
chances to a minimum.}) 35... Rxf1+ 36. Bxf1 Qg7 $1 37. Ne5 Nxe5 38. dxe5 Qxe5
39. Ba6 Kf7 $1 {The king comes in time to recue the d5-pawn.} 40. Bb7 Ke6 41.
Qc1 g4 42. Qc6+ Ke7 43. Qxh6 Qa1+ 44. Kg2 Qb2+ 45. Kg1 {Here my opponent
offered a draw since perpetual checks are inevitable.} 1/2-1/2

[Event "URS-ch46 First League+"]
[Site "Ashkhabad"]
[Date "1978.??.??"]
[Round "3"]
[White "Vaganian, Rafael A"]
[Black "Timoscenko, Gennadij A"]
[Result "1/2-1/2"]
[WhiteElo "2570"]
[BlackElo "2530"]
[Annotator "Bulletin"]
[PlyCount "82"]
[EventDate "1978.10.??"]
[EventType "tourn"]
[EventRounds "17"]
[EventCountry "URS"]
[EventCategory "10"]
[SourceTitle "MCL"]
[Source "ChessBase"]
[SourceDate "1999.07.01"]
[SourceVersion "1"]
[SourceVersionDate "1999.07.01"]
[SourceQuality "1"]

1. d4 Nf6 2. Nf3 g6 3. Bg5 Bg7 4. Nbd2 d5 5. e3 O-O 6. Be2 c5 7. c3 Nbd7 8. O-O
b6 9. Qa4 Bb7 10. Ba6 Qc8 11. Bb5 Rd8 12. Ne5 Nxe5 13. dxe5 a6 14. Be2 Ne4 15.
Nxe4 dxe4 16. Rfd1 (16. Bxe7 $2 Rd2) 16... Bxe5 17. Bxe7 Rxd1+ 18. Rxd1 Bc6 19.
Qc2 Qc7 20. Bh4 Bxh2+ 21. Kf1 Be5 22. Bc4 Qb7 23. Qd2 Kg7 24. Bd5 Re8 25. a4 b5
26. Bxc6 Qxc6 27. Qd5 Re6 28. Qxc6 Rxc6 29. axb5 axb5 30. Rd5 Bd6 31. g4 f6 32.
Kg2 Kf7 33. f3 $1 exf3+ 34. Kxf3 Ke6 35. e4 b4 36. Bf2 c4 (36... b3 37. c4) 37.
cxb4 Bxb4 38. Rb5 Bd6 39. Bd4 Rc8 40. Rb6 Rb8 41. Rc6 Rb3+ 1/2-1/2

[Event "Plovdiv"]
[Site "Plovdiv"]
[Date "1986.??.??"]
[Round "4"]
[White "Kurtenkov, Atanas"]
[Black "Arnason, Jon Loftur"]
[Result "0-1"]
[WhiteElo "2455"]
[BlackElo "2500"]
[Annotator "Bulletin"]
[PlyCount "92"]
[EventDate "1986.06.24"]
[EventType "tourn"]
[EventRounds "11"]
[EventCountry "BUL"]
[EventCategory "10"]
[SourceTitle "EXT 2000"]
[Source "ChessBase"]
[SourceDate "1999.11.16"]
[SourceVersion "1"]
[SourceVersionDate "1999.11.16"]
[SourceQuality "1"]

1. d4 Nf6 2. Nf3 e6 3. Bg5 c5 4. e3 Qb6 5. Qc1 Nc6 6. c3 Be7 7. Nbd2 d5 8. Bd3
cxd4 $1 9. exd4 Bd7 10. O-O Rc8 11. Qb1 h6 12. Bh4 Nh5 13. Bg3 $2 Nxg3 14. hxg3
h5 15. Re1 g5 16. Nf1 g4 17. Ne5 Nxe5 18. Rxe5 Bd6 19. Re2 Qd8 20. Ne3 $2 (20.
Qe1 $142) 20... Kf8 21. Qc1 h4 22. Nf1 Qf6 23. Qe3 Rh5 24. Ree1 Ke7 25. f3 hxg3
26. fxg4 Bf4 27. Qf3 Rh1+ $1 28. Kxh1 Qh4+ 29. Kg1 Rh8 30. Nh2 Bd6 31. g5 Bf4
$1 32. Kf1 gxh2 33. Ke2 e5 34. g3 Qxg3 35. Qxg3 Bxg3 36. Rh1 e4 37. Bc2 Bg4+
38. Kd2 Bf4+ 39. Ke1 Bf3 40. Kf2 Ke6 41. Bd1 Bxh1 42. Bg4+ f5 43. gxf6+ Kxf6
44. Rxh1 Rg8 45. Bh3 Rg1 46. Bg2 e3+ 0-1

[Event "Jermuk FIDE GP (Women)"]
[Site "Jermuk"]
[Date "2012.07.25"]
[Round "8"]
[White "Danielian, Elina"]
[Black "Kovalevskaya, Ekaterina"]
[Result "1/2-1/2"]
[WhiteElo "2480"]
[BlackElo "2417"]
[Annotator "CB"]
[PlyCount "175"]
[EventDate "2012.07.16"]
[EventType "tourn"]
[EventRounds "11"]
[EventCountry "ARM"]
[EventCategory "11"]
[SourceTitle "CBM 150"]
[Source "ChessBase"]
[SourceDate "2012.09.14"]
[SourceVersion "1"]
[SourceVersionDate "2012.09.14"]
[SourceQuality "1"]

{This was a most interesting game. A dynamically balanced position arose from
the opening, with each side having its relative advantages. In the middle game
White drifted a bit and Black was able to generate a certain plus. However, as
zeitnot approached, White missed a chance to take advantage of her opponent's
inaccuracy.} 1. d4 Nf6 2. Bg5 d5 3. Nd2 Nbd7 4. Ngf3 g6 5. e3 Bg7 6. c4 c5 7.
cxd5 O-O 8. e4 cxd4 9. Bc4 Nc5 10. Qe2 h6 11. Bxf6 exf6 12. O-O Re8 13. Rfe1
Bd7 14. Qf1 Qb6 15. Rab1 Rac8 16. h3 a6 17. a3 Qd6 18. b4 Na4 19. Bd3 Nc3 20.
Rbc1 f5 21. exf5 Bxf5 22. Bxf5 gxf5 23. Qd3 Rxe1+ 24. Rxe1 Qxd5 25. Nh4 Ne4 26.
Nxe4 fxe4 27. Rxe4 Qb5 28. Qg3 Kh8 29. Re7 $2 ({Necessary was} 29. Qg4 Qc6 30.
Nf5 Qg6 31. Qxg6 fxg6 32. Nxg7 Kxg7 33. Rxd4 {and White has some chance for
victory.}) 29... Qd5 30. Nf3 d3 31. Qf4 Kg8 32. g3 Rd8 33. Kh2 Qa2 34. Nd2 Qd5
35. h4 Kf8 36. Rc7 b5 37. Ra7 Qe6 38. Nf3 Qf6 39. Qe3 Kg8 40. Re7 Kf8 41. Ra7
Qd6 42. Qe4 Kg8 43. Qb7 Qd5 44. Qe7 Bf8 45. Qf6 Bg7 $2 (45... Re8 $1 46. Qf4
Re2 $19) 46. Qf4 Qc4 47. Qe3 Qe6 48. Qf4 Qc4 49. Qe3 Qd5 50. Qf4 Rd6 51. Nd2
Rf6 52. Qe3 Re6 53. Qf4 Re2 54. Rxa6 Bd4 55. Rd6 Rxf2+ 56. Qxf2 Qxd6 57. Qf3
Bg7 58. Qa8+ Kh7 59. Qe4+ Qg6 60. Qd5 Bb2 61. h5 Qg5 62. Qxd3+ Kg7 63. Kg2 Qxh5
64. Nf3 Bf6 65. Qd7 Qg6 66. Qxb5 Qc2+ 67. Kh3 Qc3 68. Qf5 Qxa3 69. b5 Qb2 70.
Qg4+ Kf8 71. Qc4 Kg7 72. Qd3 Qb4 73. Qf5 Qd6 74. Qg4+ Kf8 75. Qc8+ Ke7 76. Qb7+
Kf8 77. Qc8+ Ke7 78. Qb7+ Kf8 79. Qa8+ Bd8 80. Qc8 Ke7 81. Nh4 Qd1 82. Qc4 h5
83. Qe4+ Kf8 84. Qf3 Qd7+ 85. Qf5 Qd1 86. Qf3 Qd7+ 87. Qf5 Qd1 88. Qf3 1/2-1/2

[Event "Montreal International"]
[Site "Montreal"]
[Date "1979.04.19"]
[Round "7"]
[White "Spassky, Boris Vasilievich"]
[Black "Huebner, Robert"]
[Result "1/2-1/2"]
[WhiteElo "2640"]
[BlackElo "2595"]
[Annotator "ChessBase"]
[PlyCount "46"]
[EventDate "1979.04.11"]
[EventType "tourn"]
[EventRounds "18"]
[EventCountry "CAN"]
[EventCategory "15"]
[SourceTitle "MCL"]
[Source "ChessBase"]
[SourceDate "1999.07.01"]
[SourceVersion "1"]
[SourceVersionDate "1999.07.01"]
[SourceQuality "1"]

1. d4 Nf6 2. Nf3 e6 3. Bg5 c5 4. e3 Be7 5. Nbd2 b6 6. Bd3 Bb7 7. c3 d5 8. O-O (
8. Ne5 Nbd7 $6 (8... Nfd7 $5) 9. f4 a6 10. Qf3 Nxe5 11. fxe5 Ne4 12. Bxe7 Qxe7
13. Bxe4 dxe4 14. Qg4 (14. Nxe4 $2 Qh4+) 14... f5 15. exf6 gxf6 16. dxc5 $1 $16
{Rakic-Csom/JUG-HUN/1968/}) 8... O-O (8... Nbd7 $5 {main line} 9. Ne5 Nxe5 10.
dxe5 Nd7 11. Bxe7 (11. Bf4 $2 Qc7 12. Nf3 h6 13. Bg3 g5 14. b4 h5 15. h4 gxh4
16. Bf4 O-O-O 17. a4 c4 18. Be2 a6 19. Kh1 Rdg8 $17 {Spassky,B-Petrosian,T (07)
/Wch Moscow/1966/0-1/}) 11... Qxe7 12. f4 h6 (12... f6 13. exf6 gxf6 14. e4 $14
{Spassky,B-Sokolov,A/Bugojno/1986/}) 13. Qe2 O-O 14. e4 c4 15. Bc2 b5 16. exd5
Bxd5 17. Be4 $10) 9. Ne5 Nfd7 10. Bxe7 (10. Qh5 g6 11. Nxg6 fxg6 12. Bxg6 hxg6
13. Qxg6+ Kh8 $10) 10... Qxe7 11. f4 Ba6 12. Bxa6 (12. Bxh7+ $2 Kxh7 13. Qh5+
Kg8 14. Rf3 Be2 $19) 12... Nxa6 13. Qa4 Nab8 14. b4 $1 $14 Nxe5 15. fxe5 Qd7
16. Qb3 (16. Qxd7 $142 Nxd7 17. e4 $14 {Gligoric}) 16... cxb4 17. cxb4 Nc6 $10
18. Rac1 Rac8 19. b5 Ne7 20. Qd3 Rc7 $15 21. Nb3 Rfc8 22. Rxc7 Rxc7 23. Rc1 h5
1/2-1/2

[Event "Minsk International"]
[Site "Minsk"]
[Date "1982.05.09"]
[Round "3"]
[White "Balashov, Yuri S"]
[Black "Rodriguez Cespedes, Amador"]
[Result "0-1"]
[WhiteElo "2595"]
[BlackElo "2360"]
[Annotator "ChessBase"]
[PlyCount "60"]
[EventDate "1982.05.07"]
[EventType "tourn"]
[EventRounds "15"]
[EventCountry "URS"]
[EventCategory "11"]
[SourceTitle "MCL"]
[Source "ChessBase"]
[SourceDate "1999.07.01"]
[SourceVersion "1"]
[SourceVersionDate "1999.07.01"]
[SourceQuality "1"]

1. d4 Nf6 2. Nf3 g6 3. Bg5 Bg7 4. Nbd2 d5 5. e3 O-O 6. b4 Nbd7 7. c4 c6 8. Rc1
Ne4 9. Bh4 Ndf6 10. Be2 a5 11. cxd5 cxd5 12. b5 Bf5 13. O-O Qd6 14. Nxe4 Nxe4
15. Qb3 Rfc8 16. Bd3 Bf8 17. Bg3 a4 18. Qb1 Qa3 19. Bxe4 Bxe4 20. Qa1 Bd3 21.
Rfe1 Bxb5 22. Rb1 Ba6 23. Rb2 e6 24. Rc1 Rxc1+ 25. Qxc1 b6 26. h4 Rc8 27. Qd2
b5 28. Ne5 b4 29. Nd7 b3 30. Be5 Bb4 (30... Bb4 31. Nf6+ Kf8 32. Nxh7+ Ke7 $19)
0-1